000 00651nam a2200229 a 4500
005 20210219160254.0
008 081003s1994 mx r 000 0 spa d
035 _aUPN01000162079
049 _aUNE
080 _aOC 016: 342.7 (100)=20 "1994" ACC.
100 1 _aSymonides, J.
245 1 0 _aAcces human rights documentation /
_cby J. Symonide, ; V. Volodin.
250 _a2a ed.
260 _aParís :
_bUNESCO,
_c1994.
300 _a200 p.
440 0 _aSHS-94/WS.6
690 _aBibliografías - Derechos humanos
690 _aDerechos humanos - Bibliografías
700 1 _aVolodin, V.,
_ecoaut.
710 2 _aUNESCO
905 _aUNESCO
999 _c134192
_d134192